Students' mental health needs (Record no. 48157)
[ view plain ]
| 000 -LEADER | |
|---|---|
| fixed length control field | 01451nam a22003494a 4500 |
| 082 04 - DEWEY DECIMAL CLASSIFICATION NUMBER | |
| Classification number | 378.1/9713 |
| 245 00 - TITLE STATEMENT | |
| Title | Students' mental health needs |
| 260 ## - PUBLICATION, DISTRIBUTION, ETC. (IMPRINT) | |
| Place of publication | London ; |
| -- | Philadelphia : |
| Name of publisher | Jessica Kingsley Pub., |
| Year of publication | 2002. |
| 300 ## - PHYSICAL DESCRIPTION | |
| Number of Pages | 272 p. |
| 650 #0 - SUBJECT ADDED ENTRY--TOPICAL TERM | |
| Topical Term | College students |
| Topical Term | College students |
| Topical Term | Crisis intervention (Mental health services) |
| Topical Term | Students |
| 700 1# - ADDED ENTRY--PERSONAL NAME | |
| Personal name | Manthorpe, Jill, |
| Personal name | Stanley, Nicky, |
| 856 40 - ELECTRONIC LOCATION AND ACCESS | |
| Uniform Resource Identifier | http://site.ebrary.com/lib/rucke/Doc?id=10064499 |
No items available.
